[Event "Match"]
[Site "www.echecsemail.com"]
[Date "2018.05.12"]
[Round "1"]
[White "Apdash"]
[Black "Irene"]
[WhiteElo "2120"]
[BlackElo "2030"]
[Result "0-1"]
[Round "1"]
1.e4 e5
2.Ng1f3 Nb8c6
3.d4 exd4
4.Nf3xd4 Nc6xd4
5.Qd1xd4 b6
6.Bf1c4 Qd8f6
7.e5 Qf6f5
8.Bc4d3 Qf5e6
9.f4 Bc8b7
10.Qd4f2 Bf8c5
 { time }
0-1

[Event "1/128 Finale"]
[Site "www.chess-mail.com"]
[Date "2018.05.12"]
[Round "1"]
[White "Reda"]
[Black "Bevittsmith"]
[WhiteElo "1800"]
[BlackElo "2150"]
[Result "0-1"]
[Round "1"]
1.d4 Ng8f6
2.Bc1f4 d5
3.Nb1c3 g6
4.Nc3b5 Nb8a6
5.e3 c6
6.Nb5c3 b6
7.Ng1f3 Bf8g7
8.Bf1d3 O-O
9.O-O Na6b4
10.a3 Nb4xd3
11.Qd1xd3 Bc8f5
12.Qd3d2 Rf8e8
13.Nf3e5 Nf6d7
14.g4 Bf5e6
15.Ne5xc6 Qd8c8
16.Nc6xe7 Re8xe7
17.Bf4d6 Re7e8
18.g5 Nd7f8
19.Qd2e2 Be6h3
20.Rf1e1 Qc8f5
21.f4 Bg7xd4
22.Qe2f2 Bd4xc3
23.Re1d1 Bc3xb2
24.Ra1b1 Re8e6
25.Bd6xf8 Kxf8
26.Rb1xb2 Qf5g4
{ resign }
0-1

[Event "1/128 Finale"]
[Site "www.chess-mail.com"]
[Date "2018.05.12"]
[Round "1"]
[White "Bojan"]
[Black "Guidom"]
[WhiteElo "2000"]
[BlackElo "2090"]
[Result "0-1"]
[Round "1"]
1.e4 e5
2.Ng1f3 Nb8c6
3.b3 d6
4.Bc1b2 Ng8f6
5.Nb1c3 Bf8e7
6.d4 Bc8g4
7.d5 Nc6d4
8.Qd1d3 Nd4xf3
9.gxf3 Bg4d7
10.Rh1g1 O-O
11.Qd3e3 g6
12.Nc3e2 c6
13.c4 b5
14.Bb2c3 c5
15.f4 Nf6g4
16.Qe3g3 Be7h4
17.Qg3g2 Bh4xf2
18.Kd2 Bf2xg1
19.Qg2xg1 Qd8h4
20.h3 Ng4f2
21.Ke3 Nf2xh3
22.Qg1h2 f6
23.Bc3e1 Qh4g4
24.fxe5 fxe5
25.Be1d2 Nh3g5
26.Bf1g2 Ng5f3
27.Qh2h1 Nf3d4
28.Ne2xd4 cxd4
29.Kd3 Rf8f2
30.Bg2f1 Ra8f8
31.Ra1e1 Qg4g3
32.Kc2 Qg3c3
{ resign }
0-1

[Event "Tourn. n9688"]
[Site "www.chess-mail.com"]
[Date "2018.05.13"]
[Round "1"]
[White "Piriot"]
[Black "Tartan"]
[WhiteElo "2500"]
[BlackElo "2550"]
[Result "0-1"]
[Round "1"]
1.Ng1f3 Ng8f6
2.d4 d5
3.c4 c6
4.Nb1c3 dxc4
5.a4 Bc8f5
6.e3 e6
7.Bf1xc4 Bf8b4
8.O-O Nb8d7
9.Qd1e2 O-O
10.e4 Bf5g6
11.Bc4d3 Bg6h5
12.e5 Nf6d5
13.Nc3e4 Bb4e7
14.Ne4g3 Bh5g6
15.Bd3xg6 hxg6
16.Ng3e4 c5
17.Bc1e3 Qd8a5
18.Nf3g5 cxd4
19.Be3xd4 Ra8c8
20.Qe2g4 Be7xg5
21.Ne4xg5 Rf8e8
22.Qg4h4 Qa5d2
23.Ra1d1 Qd2f4
24.Qh4h7 Kf8
25.Bd4e3 Qf4xe5
26.Rf1e1 Qe5f5
27.h4 Rc8c2
28.Be3d4 Nd7f6
29.Qh7h8 Ke7
30.Qh8xg7 Nf6h5
31.Qg7h7 Nh5f4
32.Re1e4 Nf4e2
33.Kh2 Ne2xd4
34.Rd1xd4 Rc2xf2
35.Re4xe6 Kd7
36.Rd4xd5 Qf5xd5
37.Qh7xf7 Rf2xf7
{ resign }
0-1

[Event "Tourn. n9796"]
[Site "www.chess-mail.com"]
[Date "2018.05.13"]
[Round "1"]
[White "Welberth"]
[Black "Reignblowcan"]
[WhiteElo "2000"]
[BlackElo "1849"]
[Result "0-1"]
[Round "1"]
1.d4 Ng8f6
2.c4 g6
3.Nb1c3 d5
4.cxd5 Nf6xd5
5.e4 Nd5xc3
6.bxc3 Bf8g7
7.Bf1c4 c5
8.Ng1e2 Nb8c6
9.O-O O-O
10.Bc1a3 Nc6a5
11.Qd1a4 cxd4
12.cxd4 Bc8d7
13.Bc4b5 Na5c6
14.Ra1d1 a6
15.Bb5xc6 Bd7xc6
16.Qa4c2 Ra8c8
17.Rd1c1 Qd8d7
18.Ba3c5 b6
19.Bc5a3 Bg7h6
20.f4 Bc6b5
{ resign }
0-1

[Event "Tourn. n9793"]
[Site "www.chess-mail.com"]
[Date "2018.05.13"]
[Round "1"]
[White "Susov"]
[Black "Passaroa25"]
[WhiteElo "1700"]
[BlackElo "1560"]
[Result "0-1"]
[Round "1"]
1.e4 Nb8c6
2.d4 Ng8f6
3.e5 Nf6d5
4.Bf1c4 e6
5.Ng1f3 Bf8e7
6.Bc4xd5 exd5
7.Nb1c3 Be7b4
 { time }
0-1

[Event "Tourn. n9790"]
[Site "www.chess-mail.com"]
[Date "2018.05.13"]
[Round "1"]
[White "Danquigley"]
[Black "Drawlward"]
[WhiteElo "2640"]
[BlackElo "2570"]
[Result "1/2-1/2"]
[Round "1"]
1.c4 g6
2.g3 Bf8g7
3.Bf1g2 e5
4.Nb1c3 d6
5.e4 Nb8c6
6.Ng1e2 Ng8e7
7.d3 Nc6d4
8.Ne2xd4 exd4
9.Nc3e2 a5
10.O-O O-O
11.b3 c5
12.a4 b6
13.Bc1g5 Ra8a7
14.Qd1c2 Qd8e8
15.Bg5f4 Qe8d8
16.Bf4g5 Qd8e8
17.Ra1e1 Ne7c6
18.Qc2d1 Nc6b4
19.h3 h6
20.Bg5c1 Qe8d8
21.Ne2f4 Kh7
22.Bc1d2 h5
23.Bd2xb4 axb4
24.Nf4d5 h4
25.gxh4 Qd8xh4
26.f4 Qh4d8
27.Qd1f3 Rf8h8
28.Qf3g3 Kg8
29.e5 dxe5
30.fxe5 Qd8h4
31.Qg3xh4 Rh8xh4
32.Nd5xb6 Bc8xh3
33.Bg2xh3 Rh4xh3
34.e6 fxe6
35.Re1xe6 Rh3xd3
36.Nb6c8 Ra7c7
37.Nc8e7 Kh7
38.Kg2 { draw }
1/2-1/2

[Event "Tourn. n9673"]
[Site "www.chess-mail.com"]
[Date "2018.05.13"]
[Round "1"]
[White "Seger"]
[Black "Jaroslavpech"]
[WhiteElo "2780"]
[BlackElo "2380"]
[Result "1-0"]
[Round "1"]
1.g3 g6
2.d4 Bf8g7
3.c4 Ng8f6
4.Bf1g2 O-O
5.Nb1c3 c6
6.e4 d6
7.Ng1e2 e5
8.O-O exd4
9.Ne2xd4 Nb8d7
10.Bc1e3 Qd8c7
11.b3 Rf8e8
12.Qd1d2 Nf6g4
13.Be3f4 Nd7c5
14.h3 Ng4e5
15.Bf4h6 Bg7xh6
16.Qd2xh6 f6
17.Qh6d2 Bc8d7
18.Ra1d1 a5
19.f4 Ne5f7
20.Nd4c2 Qc7d8
21.g4 Qd8e7
22.Nc2d4 Qe7f8
23.Nd4e2 Ra8d8
24.Ne2g3 b6
25.Ng3e2 Qf8g7
26.Ne2d4 Rd8a8
27.a3 Ra8b8
28.b4 Nc5e6
29.Nd4e2 Re8d8
30.b5 Kh8
31.Qd2e1 Rd8c8
32.f5 Ne6f8
33.fxg6 Nf8xg6
34.Ne2g3 Nf7e5
35.bxc6 Rc8xc6
36.Ng3f5 Qg7f8
37.Nc3d5 Qf8g7
38.Nf5xg7 { resign }
1-0

[Event "Tourn. n9724"]
[Site "www.chess-mail.com"]
[Date "2018.05.13"]
[Round "1"]
[White "Seger"]
[Black "Piriot"]
[WhiteElo "2770"]
[BlackElo "2450"]
[Result "1-0"]
[Round "1"]
1.d4 d6
2.e4 g6
3.c4 Bf8g7
4.Nb1c3 Nb8c6
5.d5 Nc6d4
6.Bc1e3 c5
7.Ng1e2 Qd8b6
8.Qd1d2 Ng8f6
9.f3 Nf6d7
10.Be3f2 Nd4xe2
11.Bf1xe2 O-O
12.O-O Qb6a5
13.Qd2c2 Ra8b8
14.f4 a6
15.a4 Rf8e8
16.Bf2h4 Nd7f6
17.h3 Nf6d7
18.Be2d3 Qa5c7
19.Ra1e1 Nd7f8
20.Bh4g3 Nf8d7
21.Qc2e2 Bg7d4
22.Kh1 Nd7f8
23.e5 Bc8d7
24.f5 gxf5
25.Qe2h5 Nf8g6
26.e6 fxe6
27.dxe6 Bd7xe6
28.Re1xe6 Bd4xc3
29.Re6xg6 hxg6
30.Qh5xg6 Bc3g7
31.Bd3xf5 { resign }
1-0

[Event "Match"]
[Site "www.echecsemail.com"]
[Date "2018.05.13"]
[Round "1"]
[White "Bjonil60"]
[Black "Eeze"]
[WhiteElo "1550"]
[BlackElo "1499"]
[Result "0-1"]
[Round "1"]
1.f4 e6
2.Nb1c3 Bf8c5
3.e3 d5
4.Qd1f3 Ng8f6
5.Bf1d3 Nb8c6
6.a3 O-O
7.b3 Nc6e7
8.b4 Bc5b6
9.h3 c6
10.Nc3a2 a6
11.c3 h6
12.Bc1b2 Ne7f5
13.Bd3xf5 exf5
14.g3 Nf6e4
15.Ng1e2 a5
16.d3 Ne4d6
17.a4 Rf8e8
18.O-O Re8xe3
19.Qf3g2 Re3xe2
20.Rf1f2 Re2xb2
21.Kh1 Bb6xf2
22.Qg2f1 Bf2xg3
23.Na2c1 Qd8h4
24.Nc1e2 axb4
25.cxb4 d4
26.Ne2xd4 Rb2f2
27.Qf1g1 Qh4xh3
28.Qg1h2 Qh3xh2

0-1

[Event "Match"]
[Site "www.echecsemail.com"]
[Date "2018.05.13"]
[Round "1"]
[White "Caspito"]
[Black "Tonino1"]
[WhiteElo "1900"]
[BlackElo "1950"]
[Result "0-1"]
[Round "1"]
1.e4 d6
2.d4 Ng8f6
3.Nb1c3 g6
4.Bc1f4 Bf8g7
5.Bf1c4 O-O
6.Ng1f3 c6
7.O-O Qd8c7
8.e5 Nf6e8
9.Nc3e4 d5
10.Ne4g5 dxc4
11.Qd1e2 b6
12.g3 h6
13.e6 Ne8d6
14.exf7 Kh8
15.Bf4xd6 exd6
16.Ng5e6 Bc8xe6
17.Qe2xe6 Qc7xf7
18.Rf1e1 Qf7xe6
19.Re1xe6 Rf8xf3
20.Re6xg6 Rf3f6
21.Rg6g4 Nb8d7
22.Ra1e1 Ra8f8
23.f4 Kh7
24.h4 Rf6g6
25.Rg4xg6 Kxg6
26.Re1e6 Rf8f6
27.Re6e7 Nd7f8
28.Re7xa7 Nf8e6
29.c3 Rf6f7
30.Ra7a6 Rf7b7
31.Kf2 Ne6c7
32.Ra6a4 b5
33.Ra4a3 Bg7f8
34.g4 d5
35.Ra3a5 c5
36.b3 cxd4
37.Ke2 d3
38.Kd2 b4
39.h5 Kg7
40.a4 bxc3
{ resign }
0-1

[Event "Match"]
[Site "www.echecsemail.com"]
[Date "2018.05.13"]
[Round "1"]
[White "Gimmyg"]
[Black "Iituchess"]
[WhiteElo "2490"]
[BlackElo "1809"]
[Result "1/2-1/2"]
[Round "1"]
1.Ng1f3 d5
2.d4 Bc8f5
3.c4 e6
4.Nb1c3 Bf8b4
5.Bc1d2 a5
6.cxd5 exd5
7.a3 Bb4xc3
8.Bd2xc3 Ng8f6
9.e3 Nb8d7
10.Qd1b3 Nd7b6
11.Bf1e2 Nf6e4
{ draw }
1/2-1/2

[Event "Match"]
[Site "www.echecsemail.com"]
[Date "2018.05.13"]
[Round "1"]
[White "Darknight"]
[Black "Llord"]
[WhiteElo "1910"]
[BlackElo "1940"]
[Result "0-1"]
[Round "1"]
1.e4 e5
2.Bf1c4 Ng8f6
3.d3 Bf8c5
4.h3 O-O
5.Bc1g5 h6
6.h4 Bc5e7
7.g4 d6
8.Bg5xf6 Be7xf6
9.g5 hxg5
10.hxg5 Bf6xg5
11.Ng1f3 Bc8g4
12.Nb1d2 Nb8c6
13.c3 Qd8f6
14.Rh1g1 Bg4h5
15.Rg1g3 Bg5f4
16.Rg3h3 Bh5g4
17.Rh3h1 Bf4xd2
18.Qd1xd2 Bg4xf3
19.d4 Bf3xh1
20.O-O-O Bh1xe4
21.Bc4d3 Be4xd3
22.Qd2xd3 exd4
23.c4 Rf8e8
24.a3 Nc6a5
25.Rd1h1 c5
26.Qd3h3 Kf8
27.f3 Na5xc4
28.Kb1 d3
29.Qh3g2 Re8e2
30.Rh1h8 Ke7
{ resign }
0-1

[Event "Match"]
[Site "www.echecsemail.com"]
[Date "2018.05.13"]
[Round "1"]
[White "Guillaumefi"]
[Black "Luke1302"]
[WhiteElo "1399"]
[BlackElo "1300"]
[Result "1-0"]
[Round "1"]
1.d4 d5
2.c4 Qd8d7
3.Bc1f4 e6
4.c5 b6
5.cxb6 Bf8b4
6.Nb1c3 Bb4xc3
7.bxc3 Nb8c6
8.bxc7 g5
9.Bf4xg5 f6
10.Bg5f4 e5
11.dxe5 fxe5
12.Bf4g3 Qd7xc7
13.Qd1xd5 Nc6e7
14.Qd5xe5 Qc7xe5
15.Bg3xe5 Bc8f5
16.Be5xh8 Kf7
17.Ng1f3 Ng8h6
18.Bh8d4 Bf5e4
19.Nf3g5 Kg6
20.Ng5xe4 Nh6g4
21.e3 Ra8f8
22.f3 Ne7d5
23.fxg4 Rf8c8
24.Bf1d3 Rc8b8
25.O-O Rb8b2
26.Ra1b1 Nd5xe3
27.Rb1xb2 a5
28.Bd4xe3 h5
29.Ne4g3 Kg7
30.Rb2b6 hxg4
31.Rf1f4 a4
32.Rf4xa4 Kf7
33.Ra4a7 Kf8
34.Rb6b8 
1-0

[Event "Match"]
[Site "www.echecsemail.com"]
[Date "2018.05.13"]
[Round "1"]
[White "Aiko1603"]
[Black "Apdash"]
[WhiteElo "2140"]
[BlackElo "2090"]
[Result "1-0"]
[Round "1"]
1.c4 c5
2.Nb1c3 e6
3.g3 Nb8c6
4.Bf1g2 Ng8e7
5.Ng1f3 d5
6.cxd5 exd5
7.d4 cxd4
8.Nf3xd4 Bc8e6
9.Nd4xe6 fxe6
10.O-O Ne7g6
11.a3 Bf8c5
12.b4 Bc5b6
13.Bc1b2  { time }
1-0

[Event "Fast Game"]
[Site "www.echecsemail.com"]
[Date "2018.05.13"]
[Round "1"]
[White "Cal"]
[Black "Juheset"]
[WhiteElo "1680"]
[BlackElo "1599"]
[Result "0-1"]
[Round "1"]
1.Ng1f3 d5
2.d4 Ng8f6
3.h3 Nb8c6
4.a3 Bc8f5
5.b4 h6
6.e3 e6
7.Bf1b5 Bf8d6
8.Bb5xc6 bxc6
9.Bc1b2 Qd8e7
10.Nb1c3 Nf6d7
11.Nc3e2 Nd7b6
12.c3 Nb6c4
13.Bb2c1 e5
14.O-O e4
15.Nf3h2 Qe7d7
16.a4 Bf5xh3
17.gxh3 Qd7xh3
18.Ne2f4 Bd6xf4
19.exf4 Qh3xc3
20.Bc1e3 Nc4xe3
21.Qd1c1 Qc3xc1
22.Rf1xc1 Ne3c4
23.Nh2g4 g5
24.Ra1a2 gxf4
25.Ng4f6 Ke7
26.Nf6h5 Ra8g8
27.Kf1 Rg8g5
28.Nh5xf4 Rh8g8
29.b5 Rg5g1
30.Ke2 Rg1xc1
31.bxc6 Kd6
32.a5 Kxc6
33.a6 Rg8b8
34.Nf4h5 f5
35.Nh5g7 Rb8b1
36.Ng7xf5 Rc1e1

0-1

[Event "Tourn. n9787"]
[Site "www.chess-mail.com"]
[Date "2018.05.14"]
[Round "1"]
[White "Iko"]
[Black "Libiesse"]
[WhiteElo "1750"]
[BlackElo "1820"]
[Result "0-1"]
[Round "1"]
1.e4 c5
2.c4 Nb8c6
3.Bf1d3 e6
4.Ng1f3 Qd8c7
5.O-O Ng8e7
6.Nb1c3 g6
7.b3 Nc6b4
8.Bd3e2 Bf8g7
9.Bc1b2 O-O
10.a3 Nb4c6
11.Ra1a2 a6
12.Be2d3 b6
13.b4 cxb4
14.Nc3b1 a5
15.axb4 Nc6xb4
16.Ra2a3 Bg7xb2
17.Nb1c3 Bb2xa3
18.Bd3e2 Nb4c6
19.Qd1a4 Ba3b2
20.Rf1b1 Bb2xc3
21.dxc3 d6
22.Be2d3 Bc8d7
23.Qa4b3 a4
24.Qb3a3 Rf8b8
25.Nf3g5 Nc6e5
26.Bd3e2 Qc7c5
27.Rb1b4 Ra8a5
28.Be2d1 Ne5xc4
29.Qa3a1 a3
30.Qa1a2 d5
31.exd5 exd5
32.Bd1e2 Ne7c6
33.Rb4b3 b5
34.Rb3b1 f6
35.Ng5f3 Nc4b2
36.Qa2b3 Bd7f5
37.Rb1a1 Bf5e4
38.Nf3h4 Ra5a4
39.Qb3d1 a2
40.Qd1b3 Qc5a3
41.Qb3xa3 Ra4xa3
42.f3 Be4b1
43.Ra1xb1 axb1Q
44.Kf2 g5
45.Nh4f5 Qb1xf5
46.g4 Qf5c2
47.h4 Rb8e8
48.hxg5 Qc2xe2
49.Kg3 Ra3xc3
50.Kf4 Qe2e5

0-1

[Event "Tourn. n9784"]
[Site "www.chess-mail.com"]
[Date "2018.05.14"]
[Round "1"]
[White "Picifarkinca"]
[Black "Gegonz"]
[WhiteElo "1910"]
[BlackElo "2010"]
[Result "0-1"]
[Round "1"]
1.d4 d5
2.c4 e6
3.Ng1f3 Ng8f6
4.Bc1g5 Bf8e7
5.e3 O-O
6.Nb1c3 Nb8d7
7.Ra1c1 c6
8.c5 b6
9.Nc3a4 Bc8b7
10.b4 h6
11.Bg5f4 a5
12.a3 axb4
 { time }
0-1

[Event "Tourn. n9756"]
[Site "www.chess-mail.com"]
[Date "2018.05.14"]
[Round "1"]
[White "Julian"]
[Black "Bojan"]
[WhiteElo "1910"]
[BlackElo "1880"]
[Result "0-1"]
[Round "1"]
1.d4 c6
2.e4 d6
3.f4 b6
4.Ng1f3 g6
5.Nb1c3 Bf8g7
6.d5 Bg7xc3
7.bxc3 cxd5
8.Qd1xd5 Qd8c7
9.c4 Bc8b7
10.Qd5d3 Nb8d7
11.Bf1e2 Ng8f6
12.e5 Nf6e4
13.Nf3d4 Nd7c5
14.Qd3h3 dxe5
15.Nd4b3 f5
16.O-O Nc5a4
17.fxe5 Qc7xe5
18.Bc1f4 Qe5c3
19.Be2d3 Na4b2
20.Bd3xe4 Qc3xh3
21.gxh3 Bb7xe4
22.Bf4e5 Rh8f8
23.Be5xb2 Be4xc2
24.Nb3d4 Bc2d3
25.Rf1e1 Bd3xc4
26.Nd4e6 Bc4xe6
27.Re1xe6 Ra8d8
28.Ra1e1 Rd8d7
29.Bb2a3 Rf8f7
30.Kg2 g5
31.Kf3 h5
32.Re6g6 Rd7d3
33.Re1e3 g4
34.hxg4 fxg4
35.Ke2 Rd3xe3
36.Kxe3 Rf7f3
37.Ke4 Rf3xa3
38.Rg6h6 Ra3h3
39.Ke5 Kd7
40.a4 Rh3xh2
41.Kf4 Rh2a2
42.Rh6xh5 Ra2xa4
43.Kg3 Kd6
44.Rh5h7 a5
45.Rh7g7 Ra4c4
46.Rg7g6 e6
47.Rg6g8 a4
48.Rg8b8 Kc5
49.Rb8c8 Kb4
50.Rc8e8 b5
51.Re8xe6 Kb3
52.Re6b6 b4
53.Rb6a6 a3
54.Ra6a5 a2
{ resign }
0-1

[Event "Tourn. n9810"]
[Site "www.echecsemail.com"]
[Date "2018.05.14"]
[Round "1"]
[White "Tonino1"]
[Black "Odin"]
[WhiteElo "1950"]
[BlackElo "1820"]
[Result "1-0"]
[Round "1"]
1.d4 Ng8f6
2.g4 Nf6xg4
3.e4 Ng4f6
4.e5 Nf6e4
5.f3 e6
6.fxe4 Qd8h4
7.Kd2 Qh4xe4
8.Ng1f3 Nb8c6
9.Bf1d3 Qe4f4
10.Ke2 Qf4g4
11.c3  { time }
1-0

[Event "Match"]
[Site "www.echecsemail.com"]
[Date "2018.05.14"]
[Round "1"]
[White "Pinehill"]
[Black "Apdash"]
[WhiteElo "2060"]
[BlackElo "2090"]
[Result "1-0"]
[Round "1"]
1.e4 c5
2.Ng1f3 Nb8c6
3.a3 d6
4.b4 cxb4
5.axb4 Nc6xb4
6.c3 Nb4c6
7.d4 Bc8g4
8.Bf1d3 e5
9.Bd3b5 Qd8b6
10.Bb5xc6 Qb6xc6
11.d5 Qc6c4
12.Ra1a4 Bg4xf3
13.gxf3  { time }
1-0

[Event "Match"]
[Site "www.echecsemail.com"]
[Date "2018.05.14"]
[Round "1"]
[White "Bojan"]
[Black "Mitja"]
[WhiteElo "1980"]
[BlackElo "2000"]
[Result "0-1"]
[Round "1"]
1.e4 d5
2.exd5 Qd8xd5
3.Nb1c3 Qd5d8
4.Bf1c4 e6
5.a3 c6
6.Ng1f3 h6
7.Qd1e2 Bf8e7
8.d3 Be7f6
9.O-O Ng8e7
10.Nc3e4 Ne7d5
11.c3 Bf6e7
12.Bc4b3 Nd5f6
13.d4 Nf6xe4
14.Qe2xe4 Nb8d7
15.Qe4g4 Be7f6
16.Bc1f4 Nd7b6
17.Ra1d1 e5
18.dxe5 Bc8xg4
19.Rd1xd8 Ra8xd8
20.exf6 O-O
21.fxg7 Kxg7
22.Nf3e5 Bg4e6
23.Bb3xe6 fxe6
24.Bf4e3 Nb6d7
25.Ne5c4 a6
26.Nc4d6 b5
27.Nd6b7 Rd8b8
28.Nb7a5 Nd7e5
29.Be3d4 Kg6
30.Rf1e1 Ne5c4
31.Na5xc6 Rb8e8
32.Re1e2 e5
33.Bd4c5 Rf8f6
34.b3 Rf6xc6
35.Bc5b4 a5
36.bxc4 axb4
37.cxb5 Rc6xc3
{ resign }
0-1

[Event "Match"]
[Site "www.echecsemail.com"]
[Date "2018.05.14"]
[Round "1"]
[White "Bjonil60"]
[Black "Trusivka"]
[WhiteElo "1510"]
[BlackElo "1499"]
[Result "1/2-1/2"]
[Round "1"]
1.d4 e6
2.Ng1f3 d5
3.e3 f6
4.Qd1e2 e5
5.dxe5 Qd8e7
6.Nb1c3 d4
7.exd4 fxe5
8.dxe5 Ng8f6
9.exf6 gxf6
10.b3 Bf8g7
{ draw }
1/2-1/2

[Event "Tourn. n9827"]
[Site "www.echecsemail.com"]
[Date "2018.05.14"]
[Round "1"]
[White "Fantomas"]
[Black "Piekki"]
[WhiteElo "2140"]
[BlackElo "2180"]
[Result "0-1"]
[Round "1"]
1.e4 c6
2.Ng1f3 d5
3.exd5 cxd5
4.d4 Nb8c6
5.h3 Ng8f6
6.Bf1d3 g6
7.c3 Bf8g7
8.O-O O-O
9.Qd1c2 Nf6d7
10.Bc1f4 e5
11.dxe5 Nd7xe5
12.Nf3xe5 Nc6xe5
13.Bd3e2 Bc8f5
14.Qc2b3 Qd8d7
15.Kh2 d4
16.cxd4 Qd7xd4
17.Bf4e3 Qd4d6
18.Kh1 Bf5e4
19.Nb1c3 Be4c6
20.Ra1d1 Qd6e7
21.Nc3b5 Qe7h4
22.Be3c5 Qh4e4
23.f3 Qe4xe2
24.Nb5c3 Qe2c4
25.Bc5xf8 Qc4xb3
26.axb3 Ra8xf8
27.Rf1e1 Ne5xf3
{ resign }
0-1

[Event "Match"]
[Site "www.echecsemail.com"]
[Date "2018.05.14"]
[Round "1"]
[White "Lug47"]
[Black "Trusivka"]
[WhiteElo "1259"]
[BlackElo "1499"]
[Result "1/2-1/2"]
[Round "1"]
1.d4 e6
2.Nb1c3 Nb8c6
3.Ng1f3 f6
4.e4 d5
5.Bf1b5 a6
6.O-O Qd8d7
7.exd5 exd5
8.Rf1e1 Bf8e7
9.Bb5d3 h6
10.h3 g5
11.Qd1e2 b6
12.h4 Bc8b7
{ draw }
1/2-1/2

[Event "Match"]
[Site "www.echecsemail.com"]
[Date "2018.05.14"]
[Round "1"]
[White "Guillaumefi"]
[Black "Susov"]
[WhiteElo "1589"]
[BlackElo "1700"]
[Result "1-0"]
[Round "1"]
1.c4 e5
2.e4 Nb8c6
3.Ng1f3 Bf8c5
4.Nb1c3 d6
5.g3 Bc8g4
6.Bf1g2 Nc6d4
7.h3 Bg4xf3
8.Bg2xf3 Qd8f6
9.Qd1a4 c6
10.Bf3g2 Nd4c2
11.Kd1 Nc2xa1
12.f3 a6
13.b4 Bc5d4
14.Bc1b2 Ng8e7
15.Bb2xa1 O-O
16.Kc2  { time }
1-0

[Event "Match"]
[Site "www.echecsemail.com"]
[Date "2018.05.14"]
[Round "1"]
[White "Add"]
[Black "Liencam2"]
[WhiteElo "2210"]
[BlackElo "2300"]
[Result "0-1"]
[Round "1"]
1.e4 c5
2.Ng1f3 e6
3.d4 cxd4
4.Nf3xd4 a6
5.Bf1d3 Bf8c5
6.Nd4f3 Nb8c6
7.O-O d6
8.c3 Qd8c7
9.Bc1e3 Bc5xe3
10.fxe3 Ng8f6
11.h3 b5
12.a3 Bc8b7
13.Nb1d2 O-O
14.Qd1c2 Ra8d8
15.Nf3d4 Nc6e5
16.Bd3e2 Nf6d7
17.Nd2f3 Nd7c5
18.Nf3g5 h6
19.b4 Nc5a4
20.Ng5xe6 fxe6
21.Nd4xe6 Qc7xc3
22.Rf1xf8 Rd8xf8
23.Qc2xc3 Na4xc3
24.Ne6xf8 Nc3xe2
25.Kf2 Kxf8
26.Kxe2 Bb7xe4
27.Ra1d1 Ke7
28.Kf2 Ne5c4
29.Rd1a1 Ke6
30.a4 Be4c6
31.a5 Ke5
32.g3 Bc6d7
33.h4 Bd7g4
34.Ra1d1 Bg4xd1
{ resign }
0-1

[Event "Tourn. n9815"]
[Site "www.echecsemail.com"]
[Date "2018.05.14"]
[Round "1"]
[White "Bojan"]
[Black "Tonino1"]
[WhiteElo "2040"]
[BlackElo "2000"]
[Result "0-1"]
[Round "1"]
1.b4 d6
2.Bc1b2 Ng8f6
3.e3 g6
4.Bb2xf6 exf6
5.c3 Bf8g7
6.d4 O-O
7.Bf1d3 Qd8e7
8.Nb1d2 c6
9.Ng1e2 d5
10.Nd2f1 Nb8d7
11.h4 f5
12.Kd2 Nd7f6
13.Ne2f4 Nf6e4
14.Bd3xe4 fxe4
15.g4 f5
16.gxf5 Rf8xf5
17.Nf1g3 Rf5f8
18.Qd1e2 Bg7h6
19.Nf4g2 Qe7f6
20.Ra1f1 Qf6f3
21.Qe2xf3 exf3
22.Ng2e1 b6
23.Rf1g1 Bc8a6
24.Ng3f1 Ba6xf1
25.Rg1xf1 Rf8f7
26.Rh1h3 Ra8f8
27.Rf1g1 a5
28.Rg1g3 axb4
29.cxb4 c5
30.dxc5 bxc5
31.a3 d4
32.Rg3xf3 dxe3
33.fxe3 Rf8d8
34.Kc3 cxb4
35.axb4 Rf7c7
36.Kb3 Rd8d1
37.h5 Rd1xe1
38.hxg6 Bh6g7
39.gxh7 Kh8
40.Ka4 Re1a1
41.Kb5 Rc7b7
42.Kc5 Ra1c1
43.Kd5 Rb7xb4
44.Rf3f7 Rb4b5
45.Ke4 Rb5e5
46.Kf3 Rc1f1
47.Kg2 Rf1xf7
{ resign }
0-1

[Event "Match"]
[Site "www.echecsemail.com"]
[Date "2018.05.14"]
[Round "1"]
[White "Mitja"]
[Black "Bojan"]
[WhiteElo "1990"]
[BlackElo "2050"]
[Result "0-1"]
[Round "1"]
1.d4 b5
2.e3 Bc8b7
3.Ng1f3 a6
4.c3 e6
5.Bf1e2 d5
6.Nb1d2 c5
7.dxc5 Bf8xc5
8.Nd2b3 Bc5d6
9.Qd1d4 f6
10.h3 Nb8d7
11.Qd4d1 Ng8e7
12.O-O e5
13.Nf3h2 Nd7b6
14.Nb3d2 Ne7g6
15.b3 Qd8c7
16.Bc1b2 Ng6h4
17.Nh2f3 Nh4g6
18.Ra1c1 e4
19.Nf3d4 Qc7f7
20.Nd4f5 Bd6e5
21.c4 O-O
22.Bb2xe5 Ng6xe5
23.Nf5d6 Qf7d7
24.Nd6xb7 Qd7xb7
25.Nd2b1 bxc4
26.bxc4 dxc4
27.Nb1c3 Ra8d8
28.Qd1c2 f5
29.Rf1d1 Ne5d3
30.Be2xd3 cxd3
31.Qc2b3 Kh8
32.Nc3a4 Rf8f6
33.Rc1b1 Rd8d6
34.Qb3c3 Rd6c6
35.Qc3e5 Qb7d7
36.Na4xb6 Rc6xb6
37.Rb1xb6 Rf6xb6
38.Qe5c5 Rb6d6
39.Rd1d2 h6
40.a4 Rd6c6
41.Qc5a3 Rc6c4
42.a5 Qd7c7
43.g3 Kh7
44.Kg2 Rc4c5
45.Qa3b3 Rc5xa5
46.h4 Ra5c5
47.Qb3e6 a5
48.h5 Qc7c6
{ resign }
0-1

[Event "1/128 Finale"]
[Site "www.chess-mail.com"]
[Date "2018.05.14"]
[Round "1"]
[White "Attatroll"]
[Black "Ranjachess"]
[WhiteElo "1980"]
[BlackElo "1860"]
[Result "1/2-1/2"]
[Round "1"]
1.e4 e5
2.f4 d5
3.exd5 e4
4.Nb1c3 Ng8f6
5.d3 Bf8b4
6.dxe4 Bb4xc3
7.bxc3 Nf6xe4
8.Qd1e2 O-O
9.Qe2d3 Rf8e8
10.Bf1e2 c6
11.dxc6 Nb8xc6
12.Qd3xd8 Nc6xd8
13.Bc1b2 Bc8g4
14.Ng1f3 Ra8c8
15.O-O Ne4xc3
16.Be2d3 Nc3e2
17.Kh1 Ne2xf4
18.Nf3g5 Nf4xd3
19.cxd3 Re8e3
20.Ra1e1 Re3xe1
21.Rf1xe1 Nd8e6
22.Ng5xe6 fxe6
23.Bb2e5 Rc8c2
24.a3 Rc2e2
25.Re1xe2 Bg4xe2
26.d4 b5
27.Kg1 Kf7
28.Kf2 Be2c4
29.Ke3 a5
30.Kd2 b4
31.axb4 axb4
32.Kc2 b3
33.Kb2 g5
34.Kc3 Bc4d5
35.g3 Kg6
36.h4 g4
37.Kb2 h5
38.Kc3 Kf5
39.Be5c7 Ke4
40.Bc7e5 Ke3
41.Kb2 Kd3
42.Be5f6 { draw }
1/2-1/2

[Event "Fast Game"]
[Site "www.echecsemail.com"]
[Date "2018.05.14"]
[Round "1"]
[White "Fegatux"]
[Black "Claudia"]
[WhiteElo "2080"]
[BlackElo "1930"]
[Result "1-0"]
[Round "1"]
1.e4 e5
2.Ng1f3 Nb8c6
3.Bf1b5 d6
4.d4 exd4
5.Nf3xd4 Bc8d7
6.Bb5xc6 bxc6
7.Nb1c3 Ng8f6
8.O-O Bf8e7
9.Rf1e1 O-O
10.Bc1e3 h6
11.Be3f4 Nf6h7
12.e5 Be7g5
13.Bf4g3 d5
14.f4 Bg5h4
15.Qd1f3 Bh4xg3
16.Qf3xg3 Ra8b8
{ time. }
1-0

[Event "Fast Game"]
[Site "www.echecsemail.com"]
[Date "2018.05.14"]
[Round "1"]
[White "Tonino1"]
[Black "Libiesse"]
[WhiteElo "1830"]
[BlackElo "1640"]
[Result "1-0"]
[Round "1"]
1.d4 d5
2.f4 Ng8f6
3.e3 e6
4.Ng1f3 Nb8d7
5.Bf1d3 c5
6.c3 c4
7.Bd3c2 Bf8d6
8.O-O O-O
9.Nb1d2 b5
10.Nf3e5 a5
11.a3 Bc8b7
12.Qd1f3 b4
13.Ne5xd7 Qd8xd7
14.e4 Bd6e7
15.e5 Nf6e8
16.Qf3h5 g6
17.Qh5h3 Ne8g7
18.Qh3h6 Ng7f5
19.Bc2xf5 exf5
20.Rf1f3 f6
21.Rf3h3 Rf8f7
22.Nd2f3 Be7f8
23.Qh6h4 Bf8e7
24.Qh4g3 Rf7g7
25.exf6 Be7xf6
26.Nf3e5 Qd7a4
27.Bc1e3 bxc3
28.bxc3 Ra8b8
29.Qg3f3 Bb7a8
30.g4 Qa4c2
31.Be3f2 Rb8b1
32.Ra1xb1 Qc2xb1
33.Kg2 Qb1e4
34.Qf3xe4 fxe4
35.Bf2h4 Bf6e7
36.Bh4xe7 Rg7xe7
37.g5 Kg7
38.Kf2 Re7b7
39.Ne5g4 Rb7b2
40.Ke1 Rb2b3
41.Ng4f6 { resign }
1-0

[Event "Fast Game"]
[Site "www.echecsemail.com"]
[Date "2018.05.14"]
[Round "1"]
[White "Dougbeer"]
[Black "Coolant"]
[WhiteElo "1739"]
[BlackElo "1789"]
[Result "1-0"]
[Round "1"]
1.e4 d5
2.exd5 Qd8xd5
3.Nb1c3 Qd5a5
4.Bf1c4 Ng8f6
5.d3 c6
6.Bc1d2 Qa5b6
7.Ng1f3 Bc8g4
8.Bc4xf7 Kxf7
9.Nf3e5 Kg8
10.Ne5xg4 Qb6xb2
11.Ra1b1 Qb2a3
12.Qd1e2 h5
13.Qe2e6 Kh7
14.Ng4xf6 exf6
15.Rb1xb7 { resign }
1-0

[Event "Tourn. n9775"]
[Site "www.chess-mail.com"]
[Date "2018.05.15"]
[Round "1"]
[White "Hundegana"]
[Black "Apdash"]
[WhiteElo "2010"]
[BlackElo "2250"]
[Result "1-0"]
[Round "1"]
1.e4 c5
2.c4 e6
3.e5 d5
4.cxd5 Qd8xd5
5.Ng1f3 Nb8c6
6.Nb1c3 Qd5d8
7.Bf1e2 a6
8.a3 Qd8c7
9.d4 cxd4
10.Nf3xd4 Nc6xe5
11.O-O Bf8d6
12.Nc3e4 Ne5g6
13.Ne4xd6 Qc7xd6
14.Bc1e3 Ng8e7
15.g3 Ne7d5
16.Nd4f3 O-O
17.Be2c4 b5
18.Bc4xd5 exd5
19.Qd1d3 Bc8g4
20.Nf3d4 Ng6e5
21.Qd3b1 Ne5f3
22.Nd4xf3 Bg4xf3
23.Qb1f5 Bf3e4
24.Qf5f4 Qd6e6
25.Rf1e1 Qe6d7
26.f3 Be4c2
27.Kg2 Ra8c8
28.Ra1c1 Rc8c4
29.Be3d4 Bc2g6
30.Rc1xc4 dxc4
31.Bd4c3 Rf8e8
32.Re1xe8 Qd7xe8
33.Kf2 Bg6d3
34.Qf4e3 Qe8c8
35.g4  { time }
1-0